000 01472nam a2200397 i 4500
001 8264
003 KOSZ 005
005 20191018140639.0
008 170701s1959 pl a f 000 0 pol
040 _aWA N
_cWA N
_dKOSZ 005/RW
_dKOSZ 005/HR
041 1 _apol
_hrus
046 _k1959
080 _a621.9
080 _a(07)
100 1 _aBarsov, Aleksandr Il'ič.
_eAutor.
245 1 0 _aTechnologia narzędzi skrawających /
_cA. I. Barsow ; tł. Zbigniew Kościołek, Wiktor Natanson.
246 1 _iTyt. oryg.:
_aTehnologiâ režuŝego instrumenta.
250 _aWyd. 2 popr. i uzup..
260 _aWarszawa :
_bPaństwowe Wydawnictwa Techniczne,
_c1959.
300 _a331, [1] s. :
_bil. ;
_c22 cm.
336 _2rdacontent
_aTekst
_btxt
337 _2rdamedia
_aBez urządzenia pośredniczącego
_bn
338 _2rdacarrier
_aWolumin
_bnc
380 _aKsiążki
388 _a1901-2000
521 _aDla inżynierów, techników, studentów i uczniów techników wydziałów mechanicznych.
658 _aInżynieria i technika
650 4 _aSkrawanie
650 4 _aTechnologia
650 4 _aNarzędzia
700 1 _aKościołek, Zbigniew
_c(inżynier).
_eTłumaczenie
700 1 _aNatanson, Wiktor.
_eTł.
710 2 _aPaństwowe Wydawnictwa Techniczne
_4pbl.
856 _uhttp://koha.tu.koszalin.pl/cgi-bin/koha/opac-detail.pl?biblionumber=8264
_yKatalog online BPK
942 _cKS
_2UKD
999 _c8264
_d8264